| 000 | 00356nam a2200145Ia 4500 | ||
|---|---|---|---|
| 008 | 150201s2007 xx 000 0 und d | ||
| 082 |
_a617.96 _bA07S |
||
| 100 | _aSOOD, JAYASHREE | ||
| 245 | _aANESTHESIA LAPAROSCOPIC SURGERY | ||
| 250 | _a1ST | ||
| 260 |
_bJAYPEE BROTHERS _aDELHI _c2007 |
||
| 300 | _a1-266 | ||
| 650 | _aANAESTHESIOLOGY | ||
| 942 |
_2ddc _cBK |
||
| 999 |
_c101 _d101 |
||